U-Bahn Wien - Multiple Choice - Statistiken

Allgemein
  • Dieses Quiz wurde 53 mal gespielt
  • Das Durchschnittsergebnis liegt bei 440 aus 588
Antwortstatistiken
Frage Kachel Select % Korrekt
Hausfeldstraße Nein
95%
Hausfeldstraße Nein
95%
Hausfeldstraße Nein
93%
Hausfeldstraße Nein
93%
Hausfeldstraße Nein
91%
Rochusgasse Nein
91%
Rochusgasse Nein
91%
Hütteldorf Nein
91%
Hütteldorf Nein
91%
Hütteldorf Ja
91%
Hütteldorf Nein
91%
Hütteldorf Nein
91%
Rochusgasse Nein
89%
Rochusgasse Nein
89%
Aspern Nord Nein
89%
Aspern Nord Nein
89%
Aspern Nord Nein
89%
Aspern Nord Nein
89%
Hütteldorf Nein
89%
Keplerplatz Nein
89%
Keplerplatz Nein
89%
Keplerplatz Nein
89%
Keplerplatz Nein
89%
Am Schöpfwerk Nein
89%
Am Schöpfwerk Nein
89%
Thaliastraße Nein
89%
Thaliastraße Nein
89%
Thaliastraße Nein
89%
Thaliastraße Nein
89%
Thaliastraße Ja
89%
Südtiroler Platz - Hauptbahnhof Nein
89%
Südtiroler Platz - Hauptbahnhof Nein
89%
Südtiroler Platz - Hauptbahnhof Nein
89%
Südtiroler Platz - Hauptbahnhof Nein
89%
Keplerplatz Ja
86%
Keplerplatz Nein
86%
Großfeldsiedlung Nein
86%
Großfeldsiedlung Nein
86%
Großfeldsiedlung Nein
86%
Michelbeuern - Allgemeines Krankenhaus (AKH) Nein
86%
Michelbeuern - Allgemeines Krankenhaus (AKH) Nein
86%
Michelbeuern - Allgemeines Krankenhaus (AKH) Nein
86%
Michelbeuern - Allgemeines Krankenhaus (AKH) Ja
86%
Am Schöpfwerk Nein
86%
Am Schöpfwerk Nein
86%
Am Schöpfwerk Nein
86%
Thaliastraße Nein
86%
Südtiroler Platz - Hauptbahnhof Ja
86%
Südtiroler Platz - Hauptbahnhof Nein
86%
Rennbahnweg Nein
86%
Rennbahnweg Nein
86%
Rennbahnweg Nein
86%
Rochusgasse Nein
84%
Aspern Nord Nein
84%
Aspern Nord Ja
84%
Großfeldsiedlung Nein
84%
Michelbeuern - Allgemeines Krankenhaus (AKH) Nein
84%
Rennbahnweg Nein
84%
Rennbahnweg Nein
84%
Neubaugasse Nein
84%
Neubaugasse Nein
84%
Neubaugasse Nein
84%
Niederhofstraße Nein
84%
Niederhofstraße Nein
84%
Rathaus Nein
84%
Rathaus Nein
84%
Rathaus Nein
84%
Nußdorfer Straße Nein
84%
Nußdorfer Straße Nein
84%
Nußdorfer Straße Nein
84%
Nußdorfer Straße Nein
84%
Rochusgasse Ja
82%
Am Schöpfwerk Ja
82%
Rennbahnweg Ja
82%
Neubaugasse Nein
82%
Unter St. Veit Nein
82%
Unter St. Veit Ja
82%
Unter St. Veit Nein
82%
Unter St. Veit Nein
82%
Schottenring Nein
82%
Schottenring Nein
82%
Schottenring Nein
82%
Hausfeldstraße Ja
80%
Großfeldsiedlung Nein
80%
Neubaugasse Nein
80%
Neubaugasse Ja
80%
Niederhofstraße Nein
80%
Niederhofstraße Nein
80%
Rathaus Nein
80%
Nußdorfer Straße Nein
80%
Nußdorfer Straße Ja
80%
Nestroyplatz Nein
80%
Nestroyplatz Nein
80%
Nestroyplatz Nein
80%
Nestroyplatz Nein
80%
Unter St. Veit Nein
80%
Unter St. Veit Nein
80%
Schottenring Nein
80%
Alser Straße Nein
80%
Alser Straße Nein
80%
Donaumarina Nein
80%
Donaumarina Nein
80%
Donaumarina Nein
80%
Messe - Prater Nein
80%
Messe - Prater Nein
80%
Messe - Prater Nein
80%
Messe - Prater Nein
80%
Heiligenstadt Nein
80%
Heiligenstadt Nein
80%
Heiligenstadt Nein
80%
Heiligenstadt Ja
80%
Heiligenstadt Nein
80%
Heiligenstadt Nein
80%
Schottentor Nein
80%
Schottentor Nein
80%
Schottentor Nein
80%
Großfeldsiedlung Ja
77%
Rathaus Ja
77%
Schottenring Ja
77%
Alser Straße Nein
77%
Alser Straße Nein
77%
Taborstraße Nein
77%
Donaumarina Nein
77%
Donaumarina Nein
77%
Messe - Prater Nein
77%
Messe - Prater Ja
77%
Schottentor Nein
77%
Schottentor Ja
77%
Floridsdorf Nein
77%
Floridsdorf Nein
77%
Floridsdorf Nein
77%
Floridsdorf Nein
77%
Floridsdorf Nein
77%
Floridsdorf Ja
77%
Ober St. Veit Nein
77%
Ober St. Veit Nein
77%
Ober St. Veit Nein
77%
Ober St. Veit Nein
77%
Kagran Ja
77%
Kagran Nein
77%
Kagran Nein
77%
Kagran Nein
77%
Kagran Nein
77%
Kagran Nein
77%
Kagraner Platz Ja
77%
Kagraner Platz Nein
77%
Kagraner Platz Nein
77%
Kagraner Platz Nein
77%
Kagraner Platz Nein
77%
Kagraner Platz Nein
77%
Praterstern Nein
77%
Praterstern Nein
77%
Praterstern Nein
77%
Donauspital Nein
77%
Donauspital Nein
77%
Donauspital Nein
77%
Donauspital Nein
77%
Jägerstraße Nein
77%
Jägerstraße Nein
77%
Jägerstraße Nein
77%
Jägerstraße Nein
77%
Jägerstraße Nein
77%
Jägerstraße Ja
77%
Zieglergasse Nein
77%
Zieglergasse Nein
77%
Zieglergasse Nein
77%
Zieglergasse Nein
77%
Längenfeldgasse Nein
77%
Längenfeldgasse Nein
77%
Längenfeldgasse Nein
77%
Längenfeldgasse Nein
77%
Schwedenplatz Nein
77%
Schwedenplatz Nein
77%
Schwedenplatz Nein
77%
Schlachthausgasse Nein
77%
Schlachthausgasse Nein
77%
Donaustadtbrücke Nein
77%
Donaustadtbrücke Ja
77%
Donaustadtbrücke Nein
77%
Donaustadtbrücke Nein
77%
Donaustadtbrücke Nein
77%
Donaustadtbrücke Nein
77%
Seestadt Nein
77%
Seestadt Ja
77%
Seestadt Nein
77%
Seestadt Nein
77%
Seestadt Nein
77%
Seestadt Nein
77%
Simmering Nein
77%
Simmering Nein
77%
Simmering Ja
77%
Simmering Nein
77%
Simmering Nein
77%
Simmering Nein
77%
Braunschweiggasse Nein
77%
Braunschweiggasse Nein
77%
Pilgramgasse Nein
77%
Pilgramgasse Nein
77%
Pilgramgasse Ja
77%
Pilgramgasse Nein
77%
Pilgramgasse Nein
77%
Reumannplatz Ja
77%
Reumannplatz Nein
77%
Reumannplatz Nein
77%
Reumannplatz Nein
77%
Reumannplatz Nein
77%
Reumannplatz Nein
77%
Aspernstraße Nein
77%
Aspernstraße Nein
77%
Aspernstraße Nein
77%
Aspernstraße Nein
77%
Oberlaa Nein
77%
Oberlaa Nein
77%
Oberlaa Nein
77%
Oberlaa Nein
77%
Erlaaer Straße Nein
77%
Erlaaer Straße Nein
77%
Erlaaer Straße Nein
77%
Vorgartenstraße Nein
77%
Vorgartenstraße Nein
77%
Vorgartenstraße Nein
77%
Stubentor Nein
77%
Stubentor Nein
77%
Niederhofstraße Nein
75%
Nestroyplatz Ja
75%
Nestroyplatz Nein
75%
Alser Straße Nein
75%
Taborstraße Nein
75%
Taborstraße Nein
75%
Donaumarina Ja
75%
Ober St. Veit Ja
75%
Ober St. Veit Nein
75%
Praterstern Ja
75%
Praterstern Nein
75%
Donauspital Nein
75%
Donauspital Ja
75%
Längenfeldgasse Ja
75%
Gasometer Nein
75%
Gasometer Nein
75%
Gasometer Nein
75%
Gasometer Nein
75%
Schwedenplatz Ja
75%
Schlachthausgasse Nein
75%
Schlachthausgasse Nein
75%
Schlachthausgasse Nein
75%
Siebenhirten Nein
75%
Siebenhirten Nein
75%
Siebenhirten Nein
75%
Siebenhirten Nein
75%
Aspernstraße Nein
75%
Aspernstraße Ja
75%
Oberlaa Ja
75%
Oberlaa Nein
75%
Erlaaer Straße Nein
75%
Vorgartenstraße Nein
75%
Hütteldorfer Straße Nein
75%
Hütteldorfer Straße Nein
75%
Stubentor Nein
75%
Stubentor Nein
75%
Burggasse - Stadthalle Nein
75%
Burggasse - Stadthalle Nein
75%
Margaretengürtel Nein
75%
Margaretengürtel Nein
75%
Margaretengürtel Nein
75%
Bahnhof Meidling Nein
75%
Bahnhof Meidling Nein
75%
Bahnhof Meidling Nein
75%
Bahnhof Meidling Nein
75%
Alaudagasse Ja
75%
Alaudagasse Nein
75%
Alaudagasse Nein
75%
Alaudagasse Nein
75%
Alaudagasse Nein
75%
Alaudagasse Nein
75%
Stephansplatz Nein
75%
Stephansplatz Nein
75%
Stephansplatz Nein
75%
Krieau Nein
75%
Krieau Nein
75%
Krieau Nein
75%
Krieau Nein
75%
Spittelau Nein
75%
Spittelau Nein
75%
Spittelau Nein
75%
Spittelau Nein
75%
Ottakring Nein
75%
Ottakring Nein
75%
Ottakring Ja
75%
Ottakring Nein
75%
Ottakring Nein
75%
Altes Landgut Nein
75%
Altes Landgut Nein
75%
Altes Landgut Nein
75%
Dresdner Straße Nein
75%
Dresdner Straße Nein
75%
Dresdner Straße Nein
75%
Dresdner Straße Nein
75%
Perfektastraße Nein
75%
Perfektastraße Nein
75%
Perfektastraße Nein
75%
Perfektastraße Nein
75%
Donauinsel Nein
75%
Donauinsel Nein
75%
Donauinsel Nein
75%
Alte Donau Nein
75%
Alte Donau Nein
75%
Alte Donau Nein
75%
Alte Donau Nein
75%
Karlsplatz Nein
75%
Zippererstraße Nein
75%
Zippererstraße Nein
75%
Zippererstraße Nein
75%
Schönbrunn Nein
75%
Schönbrunn Nein
75%
Schönbrunn Nein
75%
Schönbrunn Nein
75%
Taborstraße Nein
73%
Zieglergasse Ja
73%
Zieglergasse Nein
73%
Gasometer Ja
73%
Gasometer Nein
73%
Schwedenplatz Nein
73%
Braunschweiggasse Nein
73%
Braunschweiggasse Nein
73%
Siebenhirten Nein
73%
Siebenhirten Ja
73%
Vorgartenstraße Nein
73%
Hütteldorfer Straße Nein
73%
Burggasse - Stadthalle Nein
73%
Burggasse - Stadthalle Nein
73%
Margaretengürtel Nein
73%
Bahnhof Meidling Ja
73%
Stephansplatz Ja
73%
Stephansplatz Nein
73%
Krieau Ja
73%
Krieau Nein
73%
Volkstheater Nein
73%
Ottakring Nein
73%
Altes Landgut Nein
73%
Altes Landgut Nein
73%
Dresdner Straße Nein
73%
Dresdner Straße Ja
73%
Perfektastraße Nein
73%
Perfektastraße Ja
73%
Donauinsel Nein
73%
Donauinsel Nein
73%
Alte Donau Ja
73%
Alte Donau Nein
73%
Karlsplatz Ja
73%
Karlsplatz Nein
73%
Zippererstraße Nein
73%
Alterlaa Nein
73%
Alterlaa Nein
73%
Alterlaa Nein
73%
Alterlaa Nein
73%
Schönbrunn Nein
73%
Schönbrunn Ja
73%
Stadion Nein
73%
Stadion Nein
73%
Stadion Nein
73%
Kardinal-Nagl-Platz Nein
73%
Kardinal-Nagl-Platz Nein
73%
Kardinal-Nagl-Platz Nein
73%
Meidling Hauptstraße Nein
73%
Meidling Hauptstraße Nein
73%
Meidling Hauptstraße Nein
73%
Meidling Hauptstraße Nein
73%
Roßauer Lände Nein
73%
Roßauer Lände Nein
73%
Landstraße Nein
73%
Landstraße Nein
73%
Landstraße Nein
73%
Neue Donau Nein
73%
Neue Donau Nein
73%
Neue Donau Nein
73%
Herrengasse Nein
73%
Herrengasse Nein
73%
Friedensbrücke Nein
73%
Friedensbrücke Nein
73%
Friedensbrücke Nein
73%
Friedensbrücke Ja
73%
Friedensbrücke Nein
73%
Westbahnhof Nein
73%
Westbahnhof Nein
73%
Westbahnhof Nein
73%
Aderklaaer Straße Nein
73%
Aderklaaer Straße Nein
73%
Aderklaaer Straße Nein
73%
Johnstraße Nein
73%
Stadtpark Nein
73%
Stadtpark Nein
73%
Stadtpark Nein
73%
Stadtpark Nein
73%
Kaisermühlen - Vienna International Centre (VIC) Ja
73%
Kaisermühlen - Vienna International Centre (VIC) Nein
73%
Kaisermühlen - Vienna International Centre (VIC) Nein
73%
Kaisermühlen - Vienna International Centre (VIC) Nein
73%
Kaisermühlen - Vienna International Centre (VIC) Nein
73%
Kaisermühlen - Vienna International Centre (VIC) Nein
73%
Kettenbrückengasse Nein
73%
Kettenbrückengasse Nein
73%
Kettenbrückengasse Nein
73%
Josefstädter Straße Nein
73%
Josefstädter Straße Nein
73%
Josefstädter Straße Nein
73%
Josefstädter Straße Nein
73%
Währinger Straße - Volksoper Nein
73%
Währinger Straße - Volksoper Nein
73%
Währinger Straße - Volksoper Nein
73%
Währinger Straße - Volksoper Nein
73%
Handelskai Nein
73%
Handelskai Nein
73%
Handelskai Nein
73%
Gumpendorfer Straße Nein
73%
Gumpendorfer Straße Nein
73%
Gumpendorfer Straße Nein
73%
Gumpendorfer Straße Nein
73%
Leopoldau Ja
73%
Leopoldau Nein
73%
Leopoldau Nein
73%
Leopoldau Nein
73%
Leopoldau Nein
73%
Leopoldau Nein
73%
Neulaa Nein
73%
Neulaa Nein
73%
Neulaa Nein
73%
Tscherttegasse Nein
73%
Enkplatz Nein
73%
Enkplatz Nein
73%
Enkplatz Nein
73%
Taubstummengasse Nein
73%
Taubstummengasse Nein
73%
Taubstummengasse Nein
73%
Taubstummengasse Nein
73%
Erdberg Nein
73%
Erdberg Nein
73%
Erdberg Nein
73%
Erdberg Nein
73%
Michelbeuern - Allgemeines Krankenhaus (AKH) Nein
70%
Alser Straße Ja
70%
Schottentor Nein
70%
Praterstern Ja
70%
Schwedenplatz Ja
70%
Schlachthausgasse Ja
70%
Vorgartenstraße Ja
70%
Hütteldorfer Straße Nein
70%
Stubentor Nein
70%
Margaretengürtel Nein
70%
Bahnhof Meidling Nein
70%
Volkstheater Nein
70%
Volkstheater Nein
70%
Altes Landgut Ja
70%
Donauinsel Ja
70%
Zippererstraße Nein
70%
Stadion Nein
70%
Stadion Ja
70%
Stadion Nein
70%
Kardinal-Nagl-Platz Nein
70%
Roßauer Lände Nein
70%
Landstraße Nein
70%
Neue Donau Nein
70%
Herrengasse Nein
70%
Herrengasse Nein
70%
Herrengasse Nein
70%
Friedensbrücke Nein
70%
Westbahnhof Nein
70%
Westbahnhof Ja
70%
Aderklaaer Straße Nein
70%
Johnstraße Nein
70%
Johnstraße Nein
70%
Johnstraße Nein
70%
Johnstraße Nein
70%
Museumsquartier Nein
70%
Museumsquartier Nein
70%
Kettenbrückengasse Nein
70%
Kettenbrückengasse Nein
70%
Hardeggasse Nein
70%
Josefstädter Straße Nein
70%
Josefstädter Straße Ja
70%
Währinger Straße - Volksoper Nein
70%
Währinger Straße - Volksoper Ja
70%
Schweglerstraße Nein
70%
Schweglerstraße Nein
70%
Hietzing Nein
70%
Hietzing Nein
70%
Hietzing Nein
70%
Hietzing Ja
70%
Hietzing Nein
70%
Hietzing Nein
70%
Handelskai Nein
70%
Handelskai Nein
70%
Gumpendorfer Straße Nein
70%
Gumpendorfer Straße Ja
70%
Neulaa Nein
70%
Tscherttegasse Nein
70%
Tscherttegasse Nein
70%
Tscherttegasse Nein
70%
Enkplatz Nein
70%
Taubstummengasse Ja
70%
Taubstummengasse Nein
70%
Erdberg Ja
70%
Erdberg Nein
70%
Kendlerstraße Nein
70%
Taborstraße Nein
68%
Braunschweiggasse Nein
68%
Burggasse - Stadthalle Nein
68%
Margaretengürtel Ja
68%
Volkstheater Ja
68%
Spittelau Ja
68%
Spittelau Ja
68%
Zippererstraße Ja
68%
Kardinal-Nagl-Platz Nein
68%
Roßauer Lände Nein
68%
Roßauer Lände Nein
68%
Landstraße Ja
68%
Westbahnhof Ja
68%
Stadtpark Nein
68%
Stadtpark Ja
68%
Museumsquartier Nein
68%
Museumsquartier Nein
68%
Kettenbrückengasse Ja
68%
Hardeggasse Nein
68%
Hardeggasse Nein
68%
Schweglerstraße Nein
68%
Schweglerstraße Nein
68%
Handelskai Ja
68%
Neulaa Nein
68%
Stadlau Nein
68%
Stadlau Nein
68%
Stadlau Nein
68%
Stadlau Nein
68%
Enkplatz Nein
68%
Kendlerstraße Nein
68%
Kendlerstraße Nein
68%
Kendlerstraße Nein
68%
Troststraße Nein
68%
Troststraße Nein
68%
Troststraße Nein
68%
Niederhofstraße Ja
66%
Längenfeldgasse Ja
66%
Erlaaer Straße Nein
66%
Erlaaer Straße Ja
66%
Stubentor Ja
66%
Stephansplatz Ja
66%
Karlsplatz Ja
66%
Kardinal-Nagl-Platz Ja
66%
Landstraße Ja
66%
Herrengasse Ja
66%
Aderklaaer Straße Ja
66%
Aderklaaer Straße Nein
66%
Hardeggasse Nein
66%
Schweglerstraße Nein
66%
Neulaa Ja
66%
Tscherttegasse Nein
66%
Enkplatz Ja
66%
Kendlerstraße Nein
66%
Troststraße Nein
66%
Pilgramgasse Nein
64%
Burggasse - Stadthalle Ja
64%
Volkstheater Nein
64%
Karlsplatz Nein
64%
Meidling Hauptstraße Ja
64%
Meidling Hauptstraße Nein
64%
Neue Donau Nein
64%
Johnstraße Ja
64%
Troststraße Nein
64%
Rathaus Nein
61%
Taborstraße Ja
61%
Volkstheater Ja
61%
Karlsplatz Ja
61%
Roßauer Lände Ja
61%
Neue Donau Ja
61%
Museumsquartier Ja
61%
Museumsquartier Nein
61%
Hardeggasse Nein
61%
Schweglerstraße Ja
61%
Stadlau Nein
61%
Stadlau Ja
61%
Tscherttegasse Ja
61%
Schottenring Ja
59%
Braunschweiggasse Ja
59%
Kendlerstraße Ja
59%
Alterlaa Nein
57%
Alterlaa Ja
57%
Hütteldorfer Straße Nein
55%
Troststraße Ja
55%
Hardeggasse Ja
52%
Hütteldorfer Straße Ja
50%
Keine übereinstimmenden Quizze gefunden
Verteilung der Resultate
Anzahl Personen mit jedem Resultat
Perzentil nach korrekt beantworteten Fragen
Ihre Resultats-Entwicklung
Sie haben dieses Quiz noch nicht gespielt